Անցեք բովանդակությանը

Сонаты и вариации для фортепиано в 4 руки ноты

Представленные в настоящем сборнике шесть фортепианных сонат и тема с вариациями были написаны В. А. Моцартом (1756–1791) в разное время. Наряду с другими клавирными сочинениями великого австрийского композитора они пользуются популярностью в учебной практике в классе фортепианного ансамбля. Издан...

Ամբողջական նկարագրություն

Պահպանված է:
Մատենագիտական մանրամասներ
Հիմնական հեղինակ: Моцарт В. А.
Ձևաչափ: Книга
Լեզու:Russian
Հրապարակվել է: Санкт-Петербург Планета музыки 2024
Հրատարակություն:2-е изд., стер.
Խորագրեր:
Առցանց հասանելիություն:https://e.lanbook.com/book/366176
https://e.lanbook.com/img/cover/book/366176.jpg
Ցուցիչներ: Ավելացրեք ցուցիչ
Չկան պիտակներ, Եղեք առաջինը, ով նշում է այս գրառումը!
LEADER 02274nam0a2200325 i 4500
001 366176
003 RuSpLAN
005 20240228125139.0
008 240228s2024 ru gs 000 0 rus
020 |a 978-5-507-48721-9 
040 |a RuSpLAN 
041 0 |a rus 
044 |a ru 
080 |a 786.2 
084 |a 85.954.2  |2 rubbk 
245 0 0 |a Сонаты и вариации для фортепиано в 4 руки  |b ноты  |c Моцарт В. А. 
250 |a 2-е изд., стер. 
260 |a Санкт-Петербург  |b Планета музыки  |c 2024 
300 |a 272 с. 
504 |a Библиогр.: доступна в карточке книги, на сайте ЭБС Лань 
520 8 |a Представленные в настоящем сборнике шесть фортепианных сонат и тема с вариациями были написаны В. А. Моцартом (1756–1791) в разное время. Наряду с другими клавирными сочинениями великого австрийского композитора они пользуются популярностью в учебной практике в классе фортепианного ансамбля. Издание адресовано ученикам детских музыкальных школ, а также студентам музыкальных училищ. Six piano sonatas and variations by W. A. Mozart (1756–1791), included in this collection, were written by the composer in different times. Along with other clavier compositions by the great Austrian composer, they are popular in the teaching practice in the class of piano ensemble. The edition is addressed to students of childrens’ music schools, as well as to students of music colleges. 
521 8 |a Книга из коллекции Планета музыки - Музыка и театр 
653 0 |a соната 
653 0 |a вариации 
653 0 |a Моцарт 
653 0 |a фортепианный ансамбль 
100 1 |a Моцарт В. А. 
856 4 |u https://e.lanbook.com/book/366176 
856 4 8 |u https://e.lanbook.com/img/cover/book/366176.jpg 
953 |a https://e.lanbook.com/img/cover/book/366176.jpg